Take Me To Your Leader Tracklist (King Geedorah) - Statistics

General Stats
  • This quiz has been taken 12 times
  • The average score is 9 of 13
Answer Stats
Hint Answer % Correct
1 Fazers
100%
8 Anti-Matter
90%
11 I Wonder
90%
6 Next Levels
80%
2 Fastlane
70%
3 Krazy World
70%
10 Lockjaw
70%
9 Take Me To your Leader
70%
5 Monster Zero
60%
7 No Snakes Alive
60%
13 The Fine Print
50%
4 The Final Hour
40%
12 One Smart N*gger
20%
No matching quizzes found
Score Distribution
Percent of People with Each Score
Percentile by Number Answered
Your Score History
You have not taken this quiz